000 00434nam a2200181Ia 4500
001 1632
005 20260306143742.0
008 260306t2010||||xx |||||||||||||| ||spa||
041 _aESP
082 _a153.8
_bP59
100 _aPink, Daniel H.
_eAUT
245 0 _aLa sorprendente verdad sobre qué nos motiva
260 _c2010
300 _a238 páginas :
_c23 cm.
650 _aGEN
654 _aCPS
942 _cLIB
_dJUS
_fJUS
_2ddc
_n
999 _c1632
_d1632